Регионална библиотека "Любен Каравелов" - Русе

Южнородопските български говори в Ксантийско и Гюмюрджинско (Запис номер 143860)

MARC детайли
000 -Лидер
Контролно поле с фиксирана дължина 01491nam a2200373 c 4500
003 - Код на организацията, давaща контролен номер
Контролно поле BLK
005 - Дата и час на последна редакция
Контролно поле 20231106090256.0
008 - Елементи от данни с фиксирана дължина
fixed length control field 180409b bul|||||r ||||||| ||bul||
010 ## - Наследен системен номер
LC control number KNG00150009000
020 ## - Международен стандартен номер на книга ISBN
Международен стандартен номер на книга ISBN 978-954-92064-4-9
-- издат.: Фонд. ВМРО
040 ## - Източник на каталожния запис
Идентификатор на билиотеката - собственик на записа BLK
041 ## - Код за език
Код за езика на текст/звукозапис или на отделно заглавие Български
Код за езика КДБФ Български
072 #7 - Код за тематичната категория
Код организация bullib
Код за тематична категория Н80
Текст Езикознание Н
080 ## - УДК
Текстов определител УДК Български език
УДК код - определител по УДК 811.163.2
УДК определител -087
УДК - код + определител 811.163.2-087
100 ## - Редна дума - Автор
Автор Митринов, Георги Атанасов
R(LIN) 379783
139 ## - Редно поле
Редна дума Митринов, Георги Атанасов
Авторски знак Мито - М 72
245 10 - Сведения за заглавието
Заглавие Южнородопските български говори в Ксантийско и Гюмюрджинско
Подзаглавни данни По данни от помашко-гръцки речник на Петрос Теохаридис - Солун, 1996
Редно поле (дума) Георги Атанасов Митринов.
257 ## - Страна на издаване
Страна на създаване/издаване България
260 ## - Област на издателските данни
-- София
Име на издателя, разпространителя и проч. Фонд. ВМРО
Година на издаване 2012
300 ## - Физическа характеристика
Страници 369 с.
Размери/Мащаб 20 см
380 ## - Жанр
Жанр Езикознание. Филология
500 ## - Общи забележки
Забележка Библиогр.: с. 358-368 ; Геогр. показалец
650 #4 - Допълнително описание по предмет – тема
Основно описание – тема или топоним Български език - диалекти
9 (RLIN) 241883
651 #4 - Допълнително описание по предмет - топоним
Географско понятие Южни Родопи
9 (RLIN) 179832
653 ## - Ключова дума – ненормативна
Ключова дума български език
653 ## - Ключова дума – ненормативна
Ключова дума диалекти
659 ## - Тематичен бюлетин
Тематичен бюлетин Н
852 ## - Местоположение
Форматна сигнатура Цб 264356
856 4# - Електронен адрес и достъп
Електронен формат pdf - файл
Път до файла /url/
856 4# - Електронен адрес и достъп
Електронен формат pdf - файл
Път до файла /url/
942 ## - АРТИКУЛИ
Вид на библиотечния материал Книги
Скрит в OPAC Не
944 ## - СЪЗДАВАНЕ И РЕДАКЦИЯ на ЗАПИСА
Създаване/Редакция Създаване
Дата на регистрацията/редакция 02.09.2013
Служител, извършил регистрацията/редакцията 30550
Статус, дата на статуса Кети Илиева
944 ## - СЪЗДАВАНЕ И РЕДАКЦИЯ на ЗАПИСА
Създаване/Редакция Редакция
Дата на регистрацията/редакция 05.02.2014
Служител, извършил регистрацията/редакцията
999 ## - СИСТЕМНИ КОНТРОЛНИ НОМЕРА
Koha biblionumber 143860
Koha biblioitemnumber 143860
Наличности
Код за отписване Код за изгубен артикул Код за повреда Коз за рестрикции Код за отдаване Артикулен № Име на библиотеката - собственик Име на библиотеката, в която се намира в момента Статус (Текущо местоположение) Дата на вписване в системата Местоположение - отдел Цена в лева Инвентарен номер Систематично азбучна сигнатура Баркод Номер на екземпляра Цена в евро Служебна бележка Служебен тип на артикула
  Не е изгубен Не е повреден без рестрикции ползва се в читалня 238905 Регионална библиотека "Любен Каравелов" Русе Регионална библиотека "Любен Каравелов" Русе Хранилище 2013-09-02 Хранилище 20.00 120000769066 Цб 264356 120000769066 1 10.23 Дост: Dp Вид: Д N: 20 Дата: 14.05.2012 Книги
Vip Innovations Ltd, Rousse, Bulgaria 2025